|
|
|
|
| LEADER |
00000nam a2200000Ii 4500 |
| 001 |
DIGEDUNAV0260 |
| 003 |
NyNyDIG |
| 006 |
m o d |
| 007 |
cr ||||||||||| |
| 008 |
220610s2008 sp o 100 0 spa d |
| 035 |
|
|
|a (OCoLC)1333702002
|
| 040 |
|
|
|a DGITA
|b eng
|e rda
|e pn
|c DGITA
|
| 020 |
|
|
|z 9788431325541
|
| 050 |
1 |
4 |
|a K457.V58 ebook
|
| 245 |
0 |
0 |
|a Ley y dominio en Francisco de Vitoria /
|c Juan Cruz Cruz, editor.
|
| 264 |
|
1 |
|a Pamplona, España :
|b EUNSA, Ediciones Universidad de Navarra,
|c [2008]
|
| 300 |
|
|
|a 1 online resource.
|
| 336 |
|
|
|a text
|b txt
|2 rdacontent
|
| 337 |
|
|
|a computer
|b c
|2 rdamedia
|
| 338 |
|
|
|a online resource
|b cr
|2 rdacarrier
|
| 347 |
|
|
|a text file
|2 rdaft
|
| 347 |
|
|
|b PDF
|
| 490 |
1 |
|
|a Colección de pensamiento medieval y renacentista ;
|v no. 100
|
| 588 |
0 |
|
|a Online resource; title from PDF title page (Digitalia, viewed June 10, 2022)
|
| 600 |
1 |
0 |
|a Vitoria, Francisco de,
|d 1486?-1546
|v Congresses.
|
| 650 |
|
0 |
|a Natural law
|v Congresses.
|
| 650 |
|
0 |
|a International law
|v Congresses.
|
| 650 |
|
0 |
|a Salamanca school (Catholic theology)
|v Congresses.
|
| 655 |
|
0 |
|a Electronic books.
|
| 700 |
1 |
|
|a Cruz Cruz, Juan,
|e editor.
|
| 711 |
2 |
|
|a Jornadas Internacionales De iusticia et iure en el Siglo de Oro
|n (2nd :
|d 2007 :
|c Buenos Aires, Argentina)
|
| 791 |
2 |
|
|a Digitalia (Firm),
|e distributor.
|
| 793 |
0 |
|
|g Digitalia eBook Collection:
|a Ediciones Universidad de Navarra
|
| 776 |
0 |
8 |
|i Print version:
|t Ley y dominio en Francisco de Vitoria.
|b Primera edición.
|d Pamplona, España : EUNSA, Ediciones Universidad de Navarra, [2008]
|z 9788431325541
|
| 830 |
|
0 |
|a Colección de pensamiento medieval y renacentista ;
|v núm. 100.
|
| 856 |
4 |
0 |
|3 Digitalia Hispánica
|u https://www.digitaliapublishing.com/a/51640/
|
| 910 |
|
|
|a Premium collection: 2022
|